MARC

LEADER 00000nam0a2200000 4500
001 304914
005 20231102001741.0
020 |a RU  |b 83-28000 
035 |a (RuTPU)RU\TPU\book\330173 
090 |a 304914 
100 |a 20150921d1983 m y0rusy5003 ca 
101 0 |a rus 
102 |a UZ 
105 |a a z 000zy 
200 1 |a Эстетика живописи Узбекистана  |f Т. Махмудов 
210 |a Ташкент  |c Изд-во литературы и искусства  |d 1983 
215 |a 224 с.  |c цв. ил. 
606 1 |a Живопись  |2 stltpush  |3 (RuTPU)RU\TPU\subj\73461  |9 86457 
610 1 |a узбекская живопись 
610 1 |a эстетика 
610 1 |a художники 
610 1 |a культурное наследие 
610 1 |a реализм 
610 1 |a поэтика 
610 1 |a символическое выражение 
675 |a 75  |z rus  |v 3 
700 1 |a Махмудов  |b Т.  |g Тилаб  |4 070 
801 0 |a RU  |b RuMRKP  |c 19950704  |g psbo 
801 1 |a RU  |b 63413507  |c 20150921 
801 2 |a RU  |b 63413507  |c 20180620  |g RCR 
942 |c BK